| 000 | 00368cam a2200145ua 4500 | ||
|---|---|---|---|
| 041 |
_aeng _h |
||
| 082 |
_a828.09 _bPAR/SH |
||
| 100 | _aPartridge, Eric . | ||
| 245 |
_aShakespeare`s bawdy / _cEric partridge. _hTextual Documents |
||
| 260 |
_aLondon : _bRoutledge & Kegan Paul Ltd , _c1961. |
||
| 300 | _a226 ; . | ||
| 504 | _a | ||
| 942 | _cBK | ||
| 999 |
_c12556 _d12556 |
||